Responses for show #8103 - Wednesday, November 27, 2019

Contestants

[<< previous game]

Ellen Keane, a librarian from Stoneham, Massachusetts

Ben Zhang, a medical student from Hempstead, New York

Beth Stewart, a receptionist from Naperville, Illinois (whose 2-day cash winnings total $53,601)

[next game >>]

Jeopardy! Round responses

BRITISH NOVEL HAIKU
BACK TO BLACK
THE HOLLYWOOD WALK OF FAME
HERE, KITTY
GET "IN"
ON THE GROUND FLOOR
    $200 30
Oliver Twist

Beth
    $200 6
a black box

Beth
    $200 29
(Alex: Yes, and as we wrap up that category, I want to offer congratulations from all of us here at "Jeopardy!" to Harry Friedman, our executive producer and also the executive producer of "Wheel of Fortune", who got a star on the Walk of Fame. Congratulations.)
[Applause as camera cuts to Harry Friedman]

the Munchkins

Ellen
    $200 11
a rabbit (hare)

Beth
    $200 1
(Ben: What is... inside?)

inbound

BethBen
    $200 16
the Space Needle

Beth
    $400 23
Lord of the Flies

Beth
    $400 7
coal miners

Ben
    $400 21
Radio

Ben
    $400 12
roar

Ben
    $400 2
inaugural

Ben
    $400 17
the White House

Ben
    $600 22
(Ben: What is Pride and Prejudice?)

Bridget Jones's Diary

Ben
Triple Stumper
    $600 10
turtleneck

Ellen
    $600 20
(Ellen: What is Tower Record--uh, what is the [*]?)

the Capitol Records Building

Ellen
    $600 24
the cheetah

Ben
    $600 3
infringe

Beth
    $600 25
the Empire State Building

Ellen
    $800 14
The Time Machine

Ben
    $800 8
pumpernickel

Triple Stumper
    $800 19
Peter Fonda

Ellen
    $800 28
a jaguar

Beth
    $800 4
inadvertent

Ben
    $1,600 26
(Alex: Less than a minute now.)

Lloyd's of London

Ellen
    $1000 5
(Ben: What is Pamela?)

Mrs Dalloway

BenEllen
    $1000 9
Bandersnatch

Ellen
    $1000 18
Eve

Ellen
    $1000 13
rosettes

Triple Stumper
    $1000 15
infusion

Beth
    $1000 27
the CN Tower

Ben

Scores at the first commercial break (after clue 15):

Beth Ben Ellen
$2,200 $1,600 $2,600

Scores at the end of the Jeopardy! Round:

Beth Ben Ellen
$3,800 $3,400 $7,400

Double Jeopardy! Round responses

IN THE OPERA CAST
WORDS, WORDS, WORDS
JOSHUA FIT THE BATTLE
CELEBRITY ARTISTS
PHARMACY KNOWLEDGE
WE SHARE THAT WATER
(Alex: You give us the two states that share the waters we tell you about.)
    $400 17
hypnosis

Ben
    $400 26
(Beth: What is Iran?)

Afghanistan

BethBen
    $400 12
Stevie Nicks

Beth
    $400 19
New York & Connecticut

Ben
    $800 28
[The end-of-the-round signal sounds.]

Madama Butterfly

Beth
    $800 25
(Beth: What is shearing?)

fleece

BethEllen
    $800 11
Marie Antoinette

Beth
    $800 13
Anthony Hopkins

Ellen
    $800 27
blood pressure

Beth
    $800 24
(Alex: Correct with less than a minute to go.)

Nevada & California

Beth
    $1200 5
(Alex: Yes, Lucia di [*].)

Lammermoor

Ben
    $1200 21
an affiliate

Beth
    $1200 10
(Ben: What is London?)

Edinburgh

BenEllen
    $1200 14
Pierce Brosnan

Ellen
    $1200 18
Reade

Ellen
    $1200 23
Wisconsin & Michigan

Beth
    $1600 4
Pagliacci

Beth
    $3,500 7
(Ben: What... is...)
(Alex: Hurry.)

artificial

Ben
    $1600 9
Virginia

Ben
    $1600 15
Lucy Liu

Ellen
    $1600 2
(Ben: What is a generic pharm--)
(Alex: No.)

a compounding pharmacy

Ben
Triple Stumper
    $4,800 22
(Beth: What are... Nevada and Utah?)

Utah & Arizona

Beth
    $2000 3
Il Trovatore

Ben
    $2000 6
innumerate

Triple Stumper
    $2000 8
the Seven Years' War

Triple Stumper
    $2000 16
"Billy Dee" Williams

Triple Stumper
    $2000 1
a drug interaction

Ben
    $2000 20
Georgia & South Carolina

Triple Stumper

Scores at the end of the Double Jeopardy! Round:

Beth Ben Ellen
$5,400 $5,100 $14,200
(lock game)

[wagering suggestions for these scores]

Final Jeopardy! Round responses

MOVIE QUOTES
(Alex: "[*]" from Citizen Kane and from The Graduate in 1967, "I got one word for you, [**].")
BenWhat are nuts and
$302
BethWhat are "Stella" and
$4,801
EllenWhat is Rosebud and?
$3,000
"Rosebud" and "Plastics"

Final scores:

Beth Ben Ellen
$599 $4,798 $11,200
3rd place: $1,000 2nd place: $2,000 New champion: $11,200

Game dynamics:

Coryat scores:

Beth Ben Ellen
$10,200 $8,600 $13,400
17 R,
3 W
(including 1 DD)
16 R,
6 W
(including 1 DD)
15 R
(including 1 DD),
0 W

Combined Coryat: $32,200

The J! Archive is created by fans, for fans. The Jeopardy! game show and all elements thereof, including but not limited to copyright and trademark thereto, are the property of Jeopardy Productions, Inc. and are protected under law. This website is not affiliated with, sponsored by, or operated by Jeopardy Productions, Inc. Join the discussion at JBoard.tv.